Investovanie do podielových fondov na Slovensku diplomová práca

Gespeichert in:
Bibliographische Detailangaben
1. Verfasser: Benková, Andrea
Körperschaft: Národohospodárska fakulta EU. Katedra ekonómie
Weitere Verfasser: Vongrej, Marián
Format: Buch
Sprache:Slowakisch
Veröffentlicht: Bratislava 2015
Tags: Tag hinzufügen
Keine Tags, Fügen Sie das erste Tag hinzu!

MARC

LEADER 00000nbm a2200000 4500
001 0201056
005 20161212095208.9
041 0 |a slo 
044 |a SK 
245 1 0 |a Investovanie do podielových fondov na Slovensku  |b diplomová práca  |c Andrea Benková ; školiteľ: Marián Vongrej 
264 1 |a Bratislava  |c 2015 
300 |a 64 s. 
100 1 |a Benková, Andrea 
700 1 |a Vongrej, Marián 
710 2 |a Národohospodárska fakulta EU. Katedra ekonómie